Vista normal
Vista MARC
Entrada Personal Name
Número de registros utilizados en: 1
001 - CONTROL NUMBER
- control field: 6141
003 - CONTROL NUMBER IDENTIFIER
- control field: OSt
005 - DATE AND TIME OF LATEST TRANSACTION
- control field: 20180716124440.0
008 - FIXED-LENGTH DATA ELEMENTS
- fixed length control field: 870707n| acannaabn |n aaa c
010 ## - LIBRARY OF CONGRESS CONTROL NUMBER
- LC control number: 86049968
040 ## - CATALOGING SOURCE
- Original cataloging agency: NjP
- Language of cataloging: spa
- Description conventions: rda
- Transcribing agency: DLC
- Modifying agency: DLC
- Modifying agency: OCoLC
- Modifying agency: MxPuUPA
046 ## - SPECIAL CODED DATES
- Birth date: 19380401
- Death date: 20050123
053 #0 - LC CLASSIFICATION NUMBER
- Classification number element--single number or beginning number of span: PQ7298.13.E8
100 1# - HEADING--PERSONAL NAME
- Personal name: Cervantes, Francisco,
- Dates associated with a name: 1938-2005
370 ## - ASSOCIATED PLACE
- Place of birth: México (México : Estado)
- Associated country: México
- Source of information: Querétaro (México)
- Source of term: naf
374 ## - OCCUPATION
- Occupation: Periodista
- Occupation: Escritor
375 ## - GENDER
- Gender: hombre
377 ## - ASSOCIATED LANGUAGE
- Language code: spa
400 1# - SEE FROM TRACING--PERSONAL NAME
- Personal name: Cervantes Vidal, Francisco,
- Dates associated with a name: 1938-2005
400 1# - SEE FROM TRACING--PERSONAL NAME
- Personal name: Cervantes V., Francisco,
- Fuller form of name: (Vidal),
- Dates associated with a name: 1938-2005
670 ## - SOURCE DATA FOUND
- Source citation: Wikipedia, 03 noviembre 2017 :
- Information found: (Francisco Cervantes Vidal. Francisco Cervantes (n. Querétaro; 1938 - f. 2005) fue un periodista y escritor mexicano. En 1977 vivió en Portugal. Estudió Derecho en la Universidad de Querétaro. Trabajó como periodista (entre otras cosas, editó la revista Ágora) y en publicidad. Recibió una beca de la Fundación Guggenheim. Realizó traducciones, de Fernando Pessoa y de otros poetas de lengua lusitana. En 1982 ganó el Premio Xavier Villaurrutia y en 1986 recibió la Orden Rio Branco de Brasil y el Premio Heriberto Frías de Querétaro. Del poeta español Gonzalo de Berceo y la poesía medieval portuguesa le viene un aliento y un ritmo al que se añaden agrias lamentaciones contemporáneas) :
- Uniform Resource Identifier: https://es.wikipedia.org/wiki/Francisco_Cervantes_Vidal
670 ## - SOURCE DATA FOUND
- Source citation: His Heridas que se alternan, 1985:
- Information found: t.p. (Francisco Cervantes)
670 ## - SOURCE DATA FOUND
- Source citation: Regimiento de nieblas, 1994:
- Information found: t.p. (Francisco Cervantes) front flap (b. 1938, Querétaro; trabajó en periodismo y más de 25 años en publicidad)
670 ## - SOURCE DATA FOUND
- Source citation: Biblioteca del Congreso (Estados Unidos), 03 noviembre 2017 :
- Information found: catálogo electrónico :
- Uniform Resource Identifier: https://goo.gl/z2qWWd